The 100 Most Important Things - Statistics

General Stats
  • This quiz has been taken 68 times
  • The average score is 17 of 90
Answer Stats
Answer % Correct
Algebra
58%
Water
53%
Food
47%
Music
44%
Computer
42%
Visual arts
42%
Animal
40%
Politics
40%
Moon
37%
Physics
37%
Religion
37%
Sun
37%
War
37%
Biology
33%
Geometry
30%
Land
30%
Medicine
30%
Plant
30%
Language
28%
Chemistry
26%
Country
26%
Fire
26%
Human settlement
26%
Africa
23%
Asia
23%
Europe
23%
Family
23%
North America
23%
Universe
23%
Writing
23%
Agriculture
21%
Education
21%
History
21%
Sea
21%
South America
21%
Deity
19%
Economics
19%
Electricity
19%
Evolution
19%
Law
19%
Literature
19%
Oceania
19%
Solar System
19%
Time
19%
Geography
16%
Geology
16%
Government
16%
Sport
16%
Statistics
16%
Astronomy
14%
Manufacturing
14%
Psychology
14%
Culture
12%
Death
12%
Energy
12%
Ethics
12%
Transport
12%
Arithmetic
9%
Atmosphere of Earth
9%
Cell
9%
Clothing
9%
Ecology
9%
Home
9%
Number
9%
Performing arts
9%
Trade
9%
Architecture
7%
Atom
7%
Business
7%
Chemical element
7%
Civilization
7%
Climate
7%
Communication
7%
Disease
7%
Engineering
7%
Mind
7%
Ancient history
5%
Emotion
5%
Entertainment
5%
Human sexuality
5%
Modern era
5%
Prehistory
5%
Early modern period
2%
Ethnicity
2%
Folklore
2%
Knowledge
2%
Logic
2%
Mass media
2%
Post-classical history
2%
Tool
2%
No matching quizzes found
Score Distribution
Percent of People with Each Score
Percentile by Number Answered
Your Score History
You have not taken this quiz